书目信息 |
| 题名: |
群音类选
|
|
| 作者: | 胡文焕 编 | |
| 分册: | 第二册 | |
| 出版信息: | 北京 中华书局 1980.10 |
|
| 页数: | 633-1312页 | |
| 开本: | 20cm | |
| 丛书名: | ||
| 单 册: | ||
| 中图分类: | I207.3 | |
| 科图分类: | ||
| 主题词: | 文学--中国 | |
| 电子资源: | ||
| ISBN: | ||
| 000 | 00584nam0 2200217 45 | |
| 001 | 0312221749 | |
| 005 | 20051201155616.37 | |
| 010 | @dCNY2.75 | |
| 100 | @a20031222d1980 km y0chiy0120 ea | |
| 101 | @achi | |
| 102 | @aCN@b110000 | |
| 102 | @aCN@b110000 | |
| 200 | 1 | @a群音类选@AQun Yin Lei Xuan@h第二册@f(明)胡文焕编@F(ming)hu wen huan bian |
| 205 | @a影印本 | |
| 210 | @a北京@c中华书局@d1980.10 | |
| 215 | @a633-1312页@d20cm | |
| 606 | 0 | @a文学@x中国 |
| 690 | @aI207.3@v3 | |
| 701 | 0 | @a胡文焕@Ahu wen huan@4编 |
| 801 | @aCN@bTSTCL@c20051201 | |
| 905 | @dI207.3@e10:2@f1@b179355 | |
| 群音类选.第二册/(明)胡文焕编.-影印本.-北京:中华书局,1980.10 |
| 633-1312页;20cm |
| ISBN :CNY2.75 |
| ● |
| 相关链接 |
|
|
|
|
正题名:群音类选
索取号:I207.3/10:2
 
预约/预借
| 序号 | 登录号 | 条形码 | 馆藏地/架位号 | 状态 | 备注 |
| 1 | 0037881 | 001908323 | 密集书库/ [索取号:I207.3/10:2] | 在馆 | |
| 2 | 0174541 | 202161105 | 密集书库/ [索取号:I207.3/10:2] | 在馆 | |
| 3 | 0179355 | 000546458 | 第一样本阅览室/ [索取号:I207.3/10:2] | 在馆 |